000 00788nas a2200241 4500
001 BR9505353
003 BR-BrBNA
005 20231205094428.0
007 ta
008 230509b bl.|||p| |||| 00| 00por d
040 _aBR-BrBNA
_bpor
_cBiblioteca Nacional de Agricultura
041 _a(Pt)
072 _aF04
100 1 _aFortes, J.L. de O.
100 1 _aBraga, J.M.
245 1 _aEficiencia de duas escorias de siderurgia, do estado do Maranhao, na producao de sorgo em solo acido
650 _aSorgo Granifero
650 _aSolo Acido
650 _aMaranhao
773 0 _tRevista da Universidade do Amazonas. Serie: Ciencias Agrarias (Brazil)
_xISSN 0103-7463
_g(Jul-Dec 1992), v. 1(2) p. 1-10
_wBR9505353
909 _a202311
_bLúcia
_c55
_dLúcia Elande
942 _2AGRIS
_n0
_cANA
999 _c144246
_d144246